Las tres Guatemalas: un estudio de desarrollo desigual
Đã lưu trong:
| Tác giả chính: | |
|---|---|
| Định dạng: | Sách |
| Ngôn ngữ: | Tiếng Tây Ban Nha |
| Được phát hành: |
Salamanca
Universidad Pontificia de Salamanca
2004
|
| Loạt: | Tesis, 16
|
| Những chủ đề: | |
| Các nhãn: |
Thêm thẻ
Không có thẻ, Là người đầu tiên thẻ bản ghi này!
|
MARC
| LEADER | 00000nam a2200000 a 4500 | ||
|---|---|---|---|
| 001 | UCK3937 | ||
| 003 | CL-VaPUC | ||
| 008 | 050513e20040000SP |||||||||||||||||spa|d | ||
| 020 | |a 847299628X | ||
| 082 | 0 | 4 | |a 330.97281 |b MOR |2 21 |
| 100 | |a Morales Bathen, Raúl Antonio |e autor |9 492322 | ||
| 245 | 1 | 4 | |a Las tres Guatemalas: un estudio de desarrollo desigual |
| 300 | |a 117 p | ||
| 942 | |c BK | ||
| 945 | |d 20050513 00:00:00 |a jcarroza | ||
| 260 | |a Salamanca |b Universidad Pontificia de Salamanca |c 2004 | ||
| 500 | |a Extracto de la Tesis Doctoral presentada para la obtención del grado de Doctor | ||
| 650 | 7 | |a SITUACION ECONOMICA |2 CL-VaPUC |9 398312 | |
| 650 | 0 | |a Desarrollo económico y social |9 256320 | |
| 650 | 0 | |a Economía |9 255568 | |
| 651 | 0 | |a Guatemala |9 258335 | |
| 583 | |a last modification |c 20050513 00:00:00 |k Rodrigo Vera | ||
| 490 | 0 | |a Tesis, 16 | |
| 999 | |c 312982 |d 312980 | ||
| 952 | |0 0 |1 0 |4 0 |6 330_972810000000000_MOR_2004 |7 0 |8 A |9 383999 |a BIBHIS |b BIBHIS |d 2019-11-22 |i 4117921 |o 330.97281 MOR 2004 |p 4117921 |r 2025-01-20 |w 2019-11-22 |y BK |k HIS | ||